Countries With The Most Venezuelan Refugees - Statistics

General Stats
  • This quiz has been taken 45 times
  • The average score is 18 of 20
Answer Stats
Total Country % Correct
54,000 Canada
100%
560,000 Spain
100%
740,000 United States
100%
220,000 Argentina
97%
865,000 Brazil
97%
532,600 Chile
97%
2,88 mil Colombia
97%
161,500 Panama
97%
35,000 Costa Rica
95%
1,54 mil Peru
95%
30,000 Portugal
95%
40,500 Uruguay
95%
148,000 Mexico
92%
474,900 Ecuador
89%
28,500 Germany
84%
34,500 Guyana
84%
124,200 Dominican Republic
79%
65,000 Italy
79%
48,000 Netherlands
58%
36,600 Trinidad and Tobago
55%
No matching quizzes found
Score Distribution
Percent of People with Each Score
Percentile by Number Answered
Your Score History
You have not taken this quiz